000
00243nam a2200097Ia 4500
005
20251222114417.0
008
251222s1900||||xx |||||||||||||| ||spa||
082
_a
DVD0070/W46/2003
245
0
_a
Wings of desire:El cielo sobre BerlĂn
942
_c
DVD
999
_c
2258
_d
2258